| 000 | 00867nam a22002777a 4500 | ||
|---|---|---|---|
| 005 | 20250802172728.0 | ||
| 008 | 240725s1995 mx a|||br|||| 001 0 spa d | ||
| 020 | _a968-16-4728-1 | ||
| 040 |
_aBPGM _bspa |
||
| 041 |
_aspa _heng |
||
| 082 | 0 | 4 |
_aI / 823 _bH46 H37 |
| 100 | _aHENDRY, DIANA | ||
| 245 | _aHARVEY ÁNGEL | ||
| 260 |
_aINGLATERRA : _bJULIA MACRAE BOOKS _c1991 |
||
| 300 |
_a160 páginas ; _c19 cm x 15 cm |
||
| 336 |
_2rdacontent _atexto _btxt |
||
| 337 |
_2rdamedia _asin mediación _bn |
||
| 338 |
_2rdacarrier _avolumen _bnc |
||
| 490 | 0 |
_aA LA ORILLA DEL VIENTO _vPARA LOS QUE YA SABEN LEER BIEN |
|
| 505 | _aCUENTOS INFANTILES INGLESES | ||
| 650 | _aLITERATURA Y RETORICA | ||
| 650 | _aLITERATURAS INGLESA E INGLESA ANTIGUA | ||
| 650 | _aNOVELISTICA INGLESA | ||
| 700 |
_aGÓMEZ MORÍN , MAURICIO _eILUSTRADOR |
||
| 942 |
_2ddc _cBKN |
||
| 999 |
_c57168 _d57168 |
||